[Event "Match"]
[Site "www.echecsemail.com"]
[Date "2017.07.15"]
[Round "1"]
[White "Ketchuplover"]
[Black "Ditto"]
[WhiteElo "1770"]
[BlackElo "1880"]
[Result "1-0"]
[Round "1"]
1.e4 e5
2.f4 d6
3.d3 Nb8c6
4.Ng1f3 Bc8g4
5.Bf1e2 f6
6.O-O Ng8e7
7.h3 Bg4c8
8.Nf3h2 Bc8d7
9.Bc1e3 Bd7e6
10.f5 Be6c8
11.c3 Bc8d7
12.g4 Nc6b8
13.Nb1d2 Bd7c6
14.Qd1b3 Nb8d7
15.d4 Nd7b6
16.Be2b5 exd4
17.cxd4 Nb6c8
18.Bb5c4 a6
19.Bc4f7 Kd7
20.Qb3e6 { resign }
1-0

[Event "1/128 Finale"]
[Site "www.chess-mail.com"]
[Date "2017.07.15"]
[Round "1"]
[White "Carebear"]
[Black "Bevittsmith"]
[WhiteElo "1809"]
[BlackElo "2250"]
[Result "1-0"]
[Round "1"]
1.d4 Ng8f6
2.c4 g6
3.Nb1c3 d5
4.Ng1f3 Bf8g7
5.Qd1b3 dxc4
6.Qb3xc4 O-O
7.e4 Bc8g4
8.Bc1e3 Nf6d7
9.Qc4b3 Nd7b6
10.Ra1d1 Nb8c6
11.d5 Nc6e5
12.Bf1e2 Ne5xf3
13.gxf3 Bg4h5
14.Rh1g1 Qd8c8
15.Rg1g3 c6
16.a4 cxd5
17.a5 Bg7xc3
18.bxc3 Nb6d7
19.Rd1xd5 Nd7f6
20.Rd5g5 Kh8
21.Be3d4 h6
22.Rg5e5 { resign }
1-0

[Event "Eq:Super Chess Team-Slap Shot Mates : "]
[Site "www.chess-mail.com"]
[Date "2017.07.15"]
[Round "1"]
[White "Coolant"]
[Black "Redabond"]
[WhiteElo "2280"]
[BlackElo "1640"]
[Result "1-0"]
[Round "1"]
1.Nb1c3 d5
2.d4 Bc8f5
3.f3 Nb8c6
4.e4 dxe4
5.fxe4 Bf5d7
6.Ng1f3 Bd7g4
7.Bc1e3 Bg4xf3
8.gxf3 e5
9.d5 Nc6b8
10.Bf1b5 c6
11.dxc6 bxc6
12.Qd1xd8 Kxd8
13.Ra1d1 Kc7
14.Bb5c4 Bf8b4
15.Bc4xf7 Bb4xc3
16.bxc3 Ng8h6
17.Be3xh6 gxh6
18.Rh1g1 Nb8d7
19.Rg1g7 Nd7f6
20.Bf7e8 Kb6
21.Be8d7 Ra8d8
22.Rd1d6 Nf6h5
23.Rg7e7 Kc7
24.Rd6xc6 Kb8
25.Rc6xh6 Nh5f4
26.Rh6xh7 Rh8g8
27.Bd7g4 Nf4g6
28.Re7b7 Ka8
29.Rb7xa7 Kb8
30.Rh7b7 { resign }
1-0

[Event "Tourn. n9385"]
[Site "www.chess-mail.com"]
[Date "2017.07.16"]
[Round "1"]
[White "Theos666"]
[Black "Astroboy"]
[WhiteElo "1370"]
[BlackElo "2030"]
[Result "0-1"]
[Round "1"]
1.d4 Ng8f6
2.Nb1c3 d6
3.Ng1f3 g6
4.e3 Bf8g7
5.Bf1d3 O-O
6.O-O c5
7.b3 a6
8.Bc1a3 Qd8c7
9.Ra1b1 b5
10.Qd1d2 b4
11.Ba3b2 bxc3
12.Qd2xc3 Bc8b7
13.Rf1e1 Nb8d7
14.Bb2a3 Ra8c8
15.Re1e2 e5
16.Nf3g5 e4
17.Bd3c4 d5
18.Ba3xc5 Nd7xc5
 { time }
0-1

[Event "Tourn. n9371"]
[Site "www.chess-mail.com"]
[Date "2017.07.16"]
[Round "1"]
[White "Sorento"]
[Black "Faerieking"]
[WhiteElo "2430"]
[BlackElo "2260"]
[Result "1-0"]
[Round "1"]
1.e4 e5
2.f4 d5
3.exd5 c6
4.Nb1c3 exf4
5.Ng1f3 Bf8d6
6.d4 Ng8e7
7.dxc6 Nb8xc6
8.d5 Nc6b8
9.Bf1b5 Bc8d7
10.Qd1d4 O-O
11.O-O Ne7g6
12.Bb5d3 f5
13.b4 b6
14.a3 a5
15.Bc1b2 axb4
16.Nc3b5 Bd6c5
17.axb4 Bc5xd4
18.Nb5xd4 Ra8xa1
19.Rf1xa1 Qd8e7
20.b5 Rf8e8
21.Bb2a3 Qe7d8
22.Nd4c6 Qd8f6
23.Ra1f1 Ng6h4
24.Nf3xh4 Qf6xh4
25.Ba3d6 Nb8xc6
26.dxc6 Bd7e6
27.Bd6xf4 Be6d5
28.c7 g5
29.Bf4e5 Qh4g4
30.Rf1f2 f4
31.h3 Qg4c8
32.Rf2e2 g4
33.c4 Bd5b7
34.c5 Re8xe5
35.Re2xe5 bxc5
36.Re5xc5 gxh3
37.Bd3f5 { resign }
1-0

[Event "Tourn. n9422"]
[Site "www.chess-mail.com"]
[Date "2017.07.16"]
[Round "1"]
[White "Fantomas"]
[Black "Passaroa25"]
[WhiteElo "1519"]
[BlackElo "1680"]
[Result "1-0"]
[Round "1"]
1.b3 c6
2.Bc1b2 d5
3.g3 Bc8e6
4.Bf1g2 f6
5.Ng1f3 Be6f7
6.d4 e6
7.O-O Ng8e7
8.Nb1d2 Ne7g6
9.e4 Nb8d7
10.e5 Bf8e7
11.Rf1e1 O-O
12.c4 Nd7b6
13.Bg2h3 Qd8d7
14.c5 Nb6c8
15.Qd1e2 b5
16.exf6 Be7xf6
17.Bh3xe6 Bf7xe6
18.Qe2xe6 Qd7xe6
19.Re1xe6 Nc8e7
20.Ra1e1 a5
21.a3 Ra8c8
22.Kg2 Rf8e8
23.h4 Ng6f8
24.Re6e3 Rc8c7
25.g4 Nf8g6
26.g5 Ng6f4
27.Kh2 Bf6xd4
28.Bb2xd4 Re8f8
29.Re3xe7 Rc7xe7
30.Re1xe7 Nf4g6
31.Re7xg7 Kh8
32.Rg7xg6 { resign }
1-0

[Event "Tourn. n9410"]
[Site "www.chess-mail.com"]
[Date "2017.07.16"]
[Round "1"]
[White "Griffo30"]
[Black "Attatroll"]
[WhiteElo "2030"]
[BlackElo "2000"]
[Result "1-0"]
[Round "1"]
1.d4 f5
2.g3 Ng8f6
3.Bf1g2 d5
4.Ng1f3 e6
5.O-O c6
6.c4 Bf8e7
7.b3 O-O
8.Bc1a3 Nb8d7
9.Ba3xe7 Qd8xe7
10.e3 Nf6e4
11.Nb1d2 Nd7f6
12.Nd2xe4 Nf6xe4
13.Nf3d2 Ne4c3
14.Qd1c2 Nc3e4
15.Nd2f3 Bc8d7
16.Nf3e5 Bd7e8
17.f3 Ne4g5
18.f4 Ng5e4
19.Bg2xe4 fxe4
20.c5 Be8f7
21.b4 a5
22.a3 axb4
23.axb4 Bf7h5
24.Ra1a2 Ra8xa2
25.Qc2xa2 Qe7d8
26.Rf1a1 g5
27.Qa2a7 Qd8b8
28.Ne5d7 Qb8xa7
29.Ra1xa7 Rf8f7
30.Nd7b6 gxf4
31.exf4 e3
32.Ra7a1 Bh5f3
33.Nb6a4 h5
34.Ra1f1 Bf3e2
35.Rf1e1 Be2b5
36.Na4c3 e5
37.fxe5 Rf7f3
38.Nc3xb5 cxb5
39.Re1e2 h4
40.Kg2 Rf3f7
41.Re2xe3 hxg3
42.hxg3 Rf7e7
43.Re3a3 Re7g7
44.Ra3a5 Rg7g4
45.Ra5xb5 Rg4xd4
46.Rb5xb7 Rd4e4
47.c6 Re4xe5
48.c7 { resign }
1-0

[Event "Tourn. n9400"]
[Site "www.chess-mail.com"]
[Date "2017.07.16"]
[Round "1"]
[White "Amaya"]
[Black "Ffdd65"]
[WhiteElo "2020"]
[BlackElo "2150"]
[Result "1-0"]
[Round "1"]
1.d4 d5
2.e3 e6
3.Bf1d3 Ng8f6
4.Nb1d2 Bf8d6
5.f4 Bc8d7
6.Ng1f3 h6
7.O-O O-O
8.Nf3e5 Nb8c6
9.c3 Nc6e7
10.Qd1f3 Nf6h7
11.e4 f6
12.Ne5xd7 Qd8xd7
13.e5 fxe5
14.dxe5 Bd6xe5
15.Bd3xh7 Kxh7
16.Qf3d3 Kg8
17.fxe5 Rf8f5
18.Nd2e4 Rf5xf1
19.Kxf1 Ra8f8
20.Kg1 Ne7g6
21.Ne4c5 Qd7f7
22.Bc1e3 Ng6xe5
23.Qd3e2 c6
24.Nc5d3 Ne5xd3
25.Qe2xd3 a6
26.Be3c5 Rf8e8
27.Ra1f1 Qf7h5
28.a4 e5
29.Rf1f5 e4
30.Qd3xd5 cxd5
31.Rf5xh5 Re8d8
32.Bc5d4 Kh7
33.Rh5e5 Rd8d7
34.b4 Kg6
35.a5 Rd7d6
36.Bd4c5 Rd6d7
37.Kf2 Kf6
38.Bc5d4 Kf7
39.Kg3 g6
40.h4 Kg8
41.Kg4 Kh7
42.Re5e8 { resign }
1-0

[Event "Tourn. n9332"]
[Site "www.chess-mail.com"]
[Date "2017.07.16"]
[Round "1"]
[White "Numanoid"]
[Black "Pdebonis"]
[WhiteElo "2500"]
[BlackElo "2610"]
[Result "0-1"]
[Round "1"]
1.e4 e5
2.Ng1f3 Nb8c6
3.d4 exd4
4.Nf3xd4 Ng8f6
5.Nd4xc6 bxc6
6.e5 Qd8e7
7.Qd1e2 Nf6d5
8.c4 Bc8a6
9.Nb1d2 g6
10.Nd2f3 Qe7b4
11.Kd1 Nd5e7
12.h4 d5
13.exd6 Qb4xd6
14.Qe2d3 Bf8g7
15.Qd3xd6 cxd6
16.Kc2 Ra8b8
17.Ra1b1 c5
18.Bc1f4 Rb8b6
19.b3 O-O
20.Rb1d1 Ne7c6
21.a3 Ba6b7
22.Bf4xd6 Nc6d4
23.Rd1xd4 Bg7xd4
24.Bd6xf8 Bb7xf3
25.gxf3 Kxf8
26.h5 Rb6a6
27.a4 Kg7
28.Bf1d3 Bd4xf2
29.hxg6 fxg6
30.Rh1h2 Bf2d4
31.Bd3e4 Ra6f6
32.Kd3 Rf6b6
33.Kc2 a5
34.Rh2g2 Bd4e3
35.Rg2e2 Be3f4
36.Be4d5 Kf6
37.Re2e1 h5
38.Re1h1 Bf4g3
 { time }
0-1

[Event "Tourn. n9394"]
[Site "www.chess-mail.com"]
[Date "2017.07.16"]
[Round "1"]
[White "Rons"]
[Black "Comrade"]
[WhiteElo "2590"]
[BlackElo "2270"]
[Result "1-0"]
[Round "1"]
1.e4 c5
2.Ng1f3 Nb8c6
3.d4 cxd4
4.Nf3xd4 Qd8c7
5.Nb1c3 Ng8f6
6.Nd4b5 Qc7d8
7.Nc3d5 Nf6xd5
8.exd5 a6
9.Nb5c3 Nc6e5
10.Bf1e2 d6
11.Qd1d4 Bc8f5
12.f4 Ne5d7
13.g4 Bf5xc2
14.Kd2 e5
15.dxe6 fxe6
16.Kxc2 Qd8f6
17.Qd4xf6 gxf6
18.f5 Nd7c5
19.b4 Nc5d7
20.fxe6 Nd7e5
21.Nc3d5 Ra8c8
22.Kb3 Bf8g7
23.Bc1e3 b5
24.Rh1c1 { resign }
1-0

[Event "Tourn. n9414"]
[Site "www.chess-mail.com"]
[Date "2017.07.16"]
[Round "1"]
[White "Maj16"]
[Black "Passaroa25"]
[WhiteElo "1779"]
[BlackElo "1660"]
[Result "0-1"]
[Round "1"]
1.d4 c6
2.c4 d6
3.Nb1c3 f6
4.g3 Bc8e6
5.b3 Be6f7
6.Bc1b2 Nb8d7
7.Bf1g2 e5
8.Ng1f3 Ng8e7
9.O-O Ne7g6
10.e4 Bf8e7
 { time }
0-1

[Event "Tourn. n9387"]
[Site "www.chess-mail.com"]
[Date "2017.07.16"]
[Round "1"]
[White "Falcoale"]
[Black "Prize64"]
[WhiteElo "2040"]
[BlackElo "2170"]
[Result "1-0"]
[Round "1"]
1.e4 e6
2.d4 d5
3.exd5 exd5
4.Ng1f3 Bf8d6
5.Bf1e2 Ng8e7
6.O-O O-O
7.Rf1e1 Bc8g4
8.h3 Bg4xf3
9.Be2xf3 c6
10.Bc1g5 h6
11.Bg5h4 Qd8c7
12.Re1e2 Ne7f5
13.Bh4g3 Nf5xg3
14.fxg3 Bd6xg3
15.Nb1d2 Nb8d7
16.c3 Nd7f6
17.Nd2f1 Bg3d6
18.Qd1d3 Rf8e8
19.Ra1e1 Re8xe2
20.Re1xe2 Ra8e8
21.Nf1e3 Bd6f4
22.Ne3g4 Nf6xg4
23.Re2xe8  { time }
1-0

[Event "Match"]
[Site "www.echecsemail.com"]
[Date "2017.07.16"]
[Round "1"]
[White "Wagner"]
[Black "Dussek"]
[WhiteElo "1810"]
[BlackElo "1499"]
[Result "0-1"]
[Round "1"]
1.e4 e5
2.Bf1c4 Nb8c6
3.Ng1f3 h6
4.c3 Ng8f6
5.d3 d6
6.h3 Bf8e7
7.Nf3h4 O-O
8.Qd1f3 a6
9.Nh4g6 Kh7
10.Ng6xf8 Qd8xf8
11.g4 b5
12.Bc4b3 { time. }
0-1

[Event "Match"]
[Site "www.echecsemail.com"]
[Date "2017.07.16"]
[Round "1"]
[White "Cal"]
[Black "Dussek"]
[WhiteElo "1630"]
[BlackElo "1499"]
[Result "0-1"]
[Round "1"]
1.c4 Ng8f6
2.Nb1c3 g6
3.d4 Bf8g7
4.h3 e6
5.Ng1f3 Nb8c6
6.Bc1g5 O-O
7.e4 h6
8.Bg5xf6 Bg7xf6
9.Bf1d3 Nc6xd4
10.e5 Nd4xf3
11.Qd1xf3 Bf6xe5
12.Nc3d1 c6
13.O-O Be5g7
14.Ra1b1 b6
15.a4 Bc8b7
16.Nd1e3 Qd8c7
17.b4 c5
18.b5 Bb7xf3
19.gxf3 f5
20.f4 Qc7xf4
21.Ne3g2 Qf4f3
22.Rb1d1 Qf3xh3
23.Bd3e2 Qh3c3
24.Ng2f4 Kh7
25.Rd1xd7 Qc3e5
26.Nf4g2 Qe5xe2
27.Ng2f4 Qe2g4
28.Nf4g2 f4
29.Kh1 Rf8f5
30.f3 Qg4h3
31.Kg1 Rf5g5
32.Rf1f2 h5
33.Kf1 Kh6
34.Ke2 Rg5xg2
35.Rf2xg2 Qh3xg2
36.Ke1 Bg7c3
37.Kd1 Qg2xf3
38.Kc2 Bc3b4
39.Rd7d6 Qf3c3
{ resign }
0-1

[Event "Match"]
[Site "www.echecsemail.com"]
[Date "2017.07.16"]
[Round "1"]
[White "Azorau"]
[Black "Llord"]
[WhiteElo "1860"]
[BlackElo "1900"]
[Result "1-0"]
[Round "1"]
1.e4 e5
2.Ng1f3 Nb8c6
3.Bf1c4 Bf8e7
4.c3 Ng8f6
5.Bc4xf7 Kxf7
6.Nf3g5 Kf8
7.Qd1b3 d5
8.d4 dxe4
9.Qb3f7 { resign }
1-0

[Event "Match"]
[Site "www.echecsemail.com"]
[Date "2017.07.16"]
[Round "1"]
[White "Caspito"]
[Black "Carazo"]
[WhiteElo "1970"]
[BlackElo "1760"]
[Result "1/2-1/2"]
[Round "1"]
1.e4 e5
2.Ng1f3 Nb8c6
3.Bf1c4 h6
4.c3 Ng8f6
5.d4 Nf6xe4
6.dxe5 Bf8c5
7.Bc4xf7 Kxf7
8.Qd1d5 Ke8
9.Qd5xe4 Qd8e7
10.Qe4g6 { draw }
1/2-1/2

[Event "Tourn. n9415"]
[Site "www.chess-mail.com"]
[Date "2017.07.17"]
[Round "1"]
[White "Osmundw"]
[Black "Dussek"]
[WhiteElo "1430"]
[BlackElo "1499"]
[Result "0-1"]
[Round "1"]
1.e4 e5
2.d3 Nb8c6
3.g4 Bf8b4
4.c3 Bb4a5
5.f4 d6
6.d4 exd4
7.Bc1d2 dxc3
8.Bd2xc3 Ba5b6
9.e5 Ng8h6
10.exd6 cxd6
11.Bc3xg7 Qd8h4
12.Ke2 Bc8xg4
13.Ng1f3 Bg4xf3
14.Kxf3 Rh8g8
15.Qd1xd6 Rg8xg7
16.Qd6d5 Nc6d4
17.Ke4 f5
18.Kd3 Ra8d8
19.Qd5xb7 Rg7xb7
20.Bf1e2 Qh4h3
21.Kd2 Bb6a5
22.Kd1 Nd4b3
23.Kc2 Nb3xa1
24.Kc1 Rb7c7
{ resign }
0-1

[Event "Tourn. n9389"]
[Site "www.chess-mail.com"]
[Date "2017.07.17"]
[Round "1"]
[White "Falcoale"]
[Black "Balbyns"]
[WhiteElo "2050"]
[BlackElo "1980"]
[Result "0-1"]
[Round "1"]
1.e4 e5
2.Ng1f3 Nb8c6
3.d4 exd4
4.Nf3xd4 Nc6xd4
5.Qd1xd4 c5
6.Qd4d1 d6
7.Bf1d3 Bf8e7
8.O-O Ng8f6
9.Nb1c3 O-O
10.Nc3d5 Bc8e6
11.Nd5xe7 Qd8xe7
12.Bc1g5 a6
13.f4 h6
14.Bg5h4 Rf8e8
15.f5 Be6d7
16.Rf1e1 Qe7e5
17.c3 b5
18.Qd1f3 c4
19.Bd3c2 Qe5c5
20.Kh1 Nf6h7
21.Ra1d1 Bd7c6
22.Bh4f2 Nh7g5
23.Bf2xc5 Ng5xf3
24.gxf3 dxc5
25.Re1g1 Ra8d8
26.Rd1c1 Rd8d2
27.Rg1g2 Re8d8
28.b3 cxb3
29.axb3 a5
30.Rg2xd2 Rd8xd2
31.h4 Rd2f2
32.Bc2b1 Rf2xf3
33.Kh2 Rf3f4
34.Kg3 g5
35.hxg5 hxg5
36.Rc1e1 f6
37.Re1d1 Bc6xe4
38.Bb1xe4 Rf4xe4
39.Rd1d6 Kf7
40.Rd6b6 b4
41.cxb4 Re4xb4
42.Rb6a6 Rb4xb3
43.Kg4 a4
44.Ra6xa4 Rb3b4
{ resign }
0-1

[Event "Tourn. n9407"]
[Site "www.chess-mail.com"]
[Date "2017.07.17"]
[Round "1"]
[White "Falcao"]
[Black "Osopanda"]
[WhiteElo "1799"]
[BlackElo "1700"]
[Result "0-1"]
[Round "1"]
1.e4 d6
2.Ng1f3 Ng8f6
3.Nb1c3 Nb8d7
4.Bf1e2 e5
5.O-O c6
6.d4 exd4
7.Nf3xd4 Nd7c5
8.Rf1e1 Bf8e7
9.Bc1g5 O-O
10.Nd4f3 Bc8g4
11.Nf3d2 Bg4xe2
12.Qd1xe2 Nc5d7
 { time }
0-1

[Event "Tourn. n9416"]
[Site "www.chess-mail.com"]
[Date "2017.07.17"]
[Round "1"]
[White "Hundegana"]
[Black "Astroboy"]
[WhiteElo "2050"]
[BlackElo "2030"]
[Result "0-1"]
[Round "1"]
1.e4 c5
2.c4 e6
3.d3 d5
4.exd5 exd5
5.cxd5 Ng8f6
6.Qd1e2 Bf8e7
7.Nb1c3 O-O
8.g3 Rf8e8
9.Qe2c2 Nf6xd5
10.Ng1e2 Nd5b4
11.Qc2d2 Nb4xd3
12.Kd1 Nd3xf2
13.Ke1 Nf2xh1
14.Bf1g2 Nh1xg3
15.hxg3 Qd8c7
16.Qd2f4 Qc7xf4
17.gxf4 Be7h4
18.Kf1 Nb8a6
19.a3 Na6c7
20.Bc1d2 Bc8g4
21.Bg2xb7 Ra8d8
22.Ra1d1 Re8e6
23.Nc3e4 Bg4xe2
24.Kxe2 f5
25.Kf3 fxe4
26.Bb7xe4 Re6d6
27.Ke2 Bh4f6
28.b4 cxb4
29.axb4 Nc7b5
30.Be4c2 Bf6c3
31.Bd2e3 Rd6xd1
32.Bc2xd1 Bc3xb4
33.Bd1a4 Nb5c3
34.Kf3 Nc3xa4
35.Be3xa7 h5
36.Ba7f2 Kf7
37.Kg3 Rd8d3
38.Kh4 Rd3f3
39.Bf2g3 Bb4e7
40.Kxh5 Rf3xg3
41.f5 Be7g5
42.f6 g6
{ resign }
0-1

[Event "Tourn. n9373"]
[Site "www.chess-mail.com"]
[Date "2017.07.17"]
[Round "1"]
[White "Osopanda"]
[Black "Falcoale"]
[WhiteElo "1860"]
[BlackElo "1990"]
[Result "0-1"]
[Round "1"]
1.e4 c5
2.Ng1f3 e6
3.d4 cxd4
4.Nf3xd4 a6
5.c4 Nb8c6
6.Bc1e3 Ng8f6
7.Nb1c3 Bf8b4
8.Bf1e2 Nf6xe4
9.O-O Ne4xc3
10.bxc3 Bb4xc3
11.Nd4xc6 bxc6
12.Ra1b1 O-O
13.Be3c5 Rf8e8
14.Qd1d6 Bc3a5
15.Qd6g3 Ba5c7
16.Rf1e1 Bc7xg3
17.hxg3 d6
18.Bc5b6 Qd8d7
19.Be2f3 a5
20.c5 d5
21.a4 Bc8a6
22.Rb1d1 Ba6c4
23.Re1e4 Bc4b3
24.Rd1d2 Qd7e7
25.Re4h4 Bb3xa4
26.Rd2a2 Ba4b3
27.Ra2xa5 Ra8xa5
28.Bb6xa5 Qe7xc5
{ resign }
0-1

[Event "Match"]
[Site "www.echecsemail.com"]
[Date "2017.07.17"]
[Round "1"]
[White "Vios"]
[Black "Bjonil60"]
[WhiteElo "1199"]
[BlackElo "1520"]
[Result "1-0"]
[Round "1"]
1.d4 d5
2.Ng1f3 Ng8f6
3.c4 c6
4.Nb1c3 a6
5.Bc1g5 Nf6d7
6.e4 f6
7.Bg5h4 g6
8.cxd5 g5
9.Nf3xg5 fxg5
10.Qd1h5 
1-0

[Event "Match"]
[Site "www.echecsemail.com"]
[Date "2017.07.17"]
[Round "1"]
[White "Bjonil60"]
[Black "Osvalazo"]
[WhiteElo "1480"]
[BlackElo "1790"]
[Result "0-1"]
[Round "1"]
1.e4 e5
2.Ng1f3 Nb8c6
3.Nb1c3 Ng8f6
4.Bf1d3 a6
5.O-O Bf8b4
6.a3 Bb4xc3
7.dxc3 b5
8.Bc1e3 O-O
9.b3 Rf8e8
10.b4 d6
11.g3 Nf6g4
12.h3 Ng4f6
13.g4 Nc6e7
14.Kg2 Nf6d7
15.Nf3d2 Bc8b7
16.f3 Ne7g6
17.Kg3 Qd8h4
18.Kh2 d5
19.exd5 Bb7xd5
20.Bd3xg6 hxg6
21.Ra1b1 f5
22.gxf5 gxf5
23.Be3f2 Qh4f4
24.Bf2g3 Qf4h6
25.h4 f4
26.Bg3f2 Bd5a2
27.Rb1a1 Ba2c4
28.Rf1e1 Ra8d8
29.Nd2e4 Nd7f6
30.Ne4xf6 Qh6xf6
31.Qd1c1 Bc4e6
32.Ra1b1 Qf6f5
33.Re1g1 Qf5h3

0-1

[Event "Match"]
[Site "www.echecsemail.com"]
[Date "2017.07.17"]
[Round "1"]
[White "Sonny1000"]
[Black "Bjonil60"]
[WhiteElo "1410"]
[BlackElo "1480"]
[Result "1-0"]
[Round "1"]
1.d4 d5
2.Nb1c3 Ng8f6
3.f3 e6
4.a4 Bf8b4
5.e3 O-O
6.Bc1d2 Nb8c6
7.f4 Nf6e4
8.Nc3xe4 dxe4
9.Bd2xb4 Nc6xb4
10.Kd2 c6
11.c3 Nb4a6
12.g4 g6
13.g5 h6
14.gxh6 b6
15.Ng1e2 b5
16.Bf1g2 Na6c7
17.Bg2xe4 a6
18.a5 Bc8b7
19.Qd1f1 Kh7
20.Qf1h3 Rf8g8
21.b4 Nc7e8
22.Rh1g1 Qd8f6
23.Rg1g2 Ra8d8
24.Rg2g5 Ne8d6
25.Ne2g3 Nd6c4
26.Ke2 Nc4d6
27.Ng3h5 Qf6e7
28.Ra1g1 Nd6c4
29.Rg1g2 Bb7c8
30.Qh3h4 Kxh6
31.h3 Bc8b7
32.Rg2g3 e5
33.Rg5xg6 fxg6
34.Qh4xe7 Kxh5
35.Qe7g5 
1-0

[Event "Match"]
[Site "www.echecsemail.com"]
[Date "2017.07.17"]
[Round "1"]
[White "Bjonil60"]
[Black "Azocarfreund"]
[WhiteElo "1480"]
[BlackElo "1399"]
[Result "0-1"]
[Round "1"]
1.Ng1f3 Nb8c6
2.d3 e5
3.Nb1c3 Ng8f6
4.e3 Bf8b4
5.Bc1d2 b6
6.Bf1e2 a5
7.O-O O-O
8.a3 Bb4xc3
9.Bd2xc3 Rf8e8
10.b3 Bc8a6
11.h3 Nc6e7
12.e4 c5
13.g3 d6
14.h4 Nf6h5
15.g4 Nh5f4
16.Rf1e1 Nf4h3
17.Kg2 Nh3f4
18.Kf1 Ne7g6
19.h5 Ng6e7
20.b4 cxb4
21.axb4 Qd8c8
22.Ra1a3 Ne7c6
23.d4 Ba6xe2
24.Re1xe2 Nf4xe2
25.Qd1xe2 axb4
26.Ra3xa8 Qc8xa8
27.Kg2 bxc3
28.Qe2e3 Qa8a3
29.Nf3d2 cxd2
30.Qe3xd2 Nc6xd4
31.Qd2g5 Qa3f3
32.Kf1 Qf3d1
33.Kg2 Qd1f3
34.Kf1 Qf3h1

0-1

[Event "Match"]
[Site "www.echecsemail.com"]
[Date "2017.07.17"]
[Round "1"]
[White "Raulazo"]
[Black "Bjonil60"]
[WhiteElo "1890"]
[BlackElo "1520"]
[Result "1-0"]
[Round "1"]
1.e4 e5
2.Ng1f3 Nb8c6
3.Bf1c4 h6
4.c3 Qd8e7
5.Qd1b3 a6
6.g3 f6
7.Bc4xg8 Rh8xg8
8.Qb3xg8 d6
9.Nf3h4 g5
10.Nh4g6 Qe7d7
11.Qg8xf8 
1-0

[Event "1/64 Finale"]
[Site "www.chess-mail.com"]
[Date "2017.07.17"]
[Round "1"]
[White "Carebear"]
[Black "Redabond"]
[WhiteElo "1809"]
[BlackElo "1660"]
[Result "1-0"]
[Round "1"]
1.d4 d5
2.c4 Ng8f6
3.cxd5 Nf6xd5
4.Ng1f3 Bc8f5
5.Nb1d2 Nb8c6
6.e4 Bf5xe4
7.Nd2xe4 e6
8.a3 Bf8d6
9.Bf1b5 Qd8d7
10.Nf3e5 Bd6xe5
11.dxe5 a6
12.Ne4c5 Qd7e7
13.Bb5xc6 bxc6
14.Qd1c2 O-O
15.O-O f5
16.exf6 Rf8xf6
17.Bc1g5 Rf6xf2
18.Qc2xf2 Qe7xg5
19.Qf2f7 Kh8
20.Qf7f8 { resign }
1-0

[Event "Fast Game"]
[Site "www.echecsemail.com"]
[Date "2017.07.17"]
[Round "1"]
[White "Claudia"]
[Black "Add"]
[WhiteElo "1829"]
[BlackElo "1870"]
[Result "0-1"]
[Round "1"]
1.e4 d6
2.Ng1f3 Ng8f6
3.d3 h6
4.g3 e5
5.Bf1g2 Nb8c6
6.c3 a6
7.O-O Bc8e6
8.Nb1d2 Qd8d7
9.Rf1e1 Bf8e7
10.Nd2f1 Be6g4
11.Nf1e3 Bg4e6
12.Nf3h4 Nf6g4
13.Ne3f5 Be6xf5
14.Nh4xf5 h5
15.Nf5xg7 Kd8
16.Ng7f5 Qd7e6
17.Nf5xe7 Nc6xe7
18.d4 Ne7g6
19.dxe5 Ng6xe5
20.f4 Ne5d7
21.e5 Ra8b8
22.Bg2d5 Qe6g6
23.exd6 cxd6
24.Bd5e4 f5
25.Be4g2 Kc7
26.Qd1a4 Rb8e8
27.Bc1d2 Ng4f6
28.Qa4c4 Kb8
29.Qc4b4 Nf6e4
30.Ra1d1 h4
31.Bg2xe4 fxe4
32.Re1e3 Nd7c5
33.Qb4d4 Nc5d3
34.Rd1f1 hxg3
35.Re3xg3 Qg6h6
36.Rg3g2 Rh8g8
37.Bd2e3 Rg8xg2
38.Kxg2 Qh6g6
39.Kh1 Nd3c5
40.Rf1g1 Qg6h5
41.Qd4xd6 Ka8
42.Qd6xc5 Qh5f3
43.Rg1g2 Qf3f1
44.Be3g1 e3
45.b4 Qf1f3
46.Qc5c4 e2
47.Qc4d4 Kb8
48.Qd4d6 Ka8
49.Qd6c5 Kb8
50.Qc5d6 Kc8
51.Qd6c5 Kb8
52.Qc5d6 { time. }
0-1

[Event "Tourn. n9371"]
[Site "www.chess-mail.com"]
[Date "2017.07.18"]
[Round "1"]
[White "Sorento"]
[Black "Goofy"]
[WhiteElo "2430"]
[BlackElo "2320"]
[Result "1-0"]
[Round "1"]
1.e4 d5
2.exd5 Qd8xd5
3.d4 e5
4.dxe5 Qd5xd1
5.Kxd1 Nb8c6
6.Bf1b5 Bc8g4
7.f3 O-O-O
8.Bc1d2 Bg4d7
9.Bb5xc6 Bd7xc6
10.Ng1h3 Bf8e7
11.Nb1c3 Ng8h6
12.Nh3f4 Nh6f5
13.Nf4d3 Rh8e8
14.Kc1 Nf5h4
15.Rh1g1 Nh4g6
16.a4 a6
17.b4 b6
18.b5 Bc6b7
19.a5 bxa5
20.Ra1xa5 axb5
21.Nc3xb5 Rd8d5
22.f4 Kb8
23.g3 Re8d8
24.Kb2 Bb7c6
25.Nb5a7 Kb7
26.Ra5a2 Ng6f8
27.Bd2b4 Be7xb4
28.Nd3xb4 Rd5c5
29.Na7xc6 Rc5xc6
30.Ra2a7 { resign }
1-0

[Event "Tourn. n9434"]
[Site "www.chess-mail.com"]
[Date "2017.07.18"]
[Round "1"]
[White "Cernunnoss"]
[Black "Astroboy"]
[WhiteElo "2050"]
[BlackElo "2200"]
[Result "0-1"]
[Round "1"]
1.e4 c5
2.Ng1f3 d6
3.d4 cxd4
4.Nf3xd4 Ng8f6
5.Nb1c3 g6
6.Bc1e3 Bf8g7
7.f3 O-O
8.Qd1d2 Nb8c6
9.O-O-O Bc8d7
10.Bf1c4 Ra8c8
11.Bc4b3 Nc6e5
12.h4 h5
 { time }
0-1

[Event "Tourn. n9408"]
[Site "www.chess-mail.com"]
[Date "2017.07.18"]
[Round "1"]
[White "Ditto"]
[Black "Cjood"]
[WhiteElo "1830"]
[BlackElo "1840"]
[Result "1-0"]
[Round "1"]
1.e4 e5
2.Ng1f3 Ng8f6
3.Bf1c4 Nf6xe4
4.d3 Ne4c5
5.Nb1c3 f6
6.Nc3d5 c6
7.Nd5c3 d5
8.Bc4b3 d4
9.Nc3e2 Bf8d6
10.c3 dxc3
11.Ne2xc3 Bc8f5
12.d4 Nc5d3
13.Kf1 Nd3xc1
14.Ra1xc1 e4
15.Nf3h4 Bf5d7
16.Qd1h5 g6
17.Nh4xg6 Qd8c8
18.Ng6xh8 Kd8
19.Nh8f7 Kc7
20.Nc3xe4 Bd6b4
21.Ne4xf6 Bd7f5
22.d5 Bf5g6
23.Qh5e5 Kb6
24.Nf7d6 Bg6d3
25.Kg1 Bb4xd6
26.Qe5d4 c5
27.Qd4xd3 Nb8d7
28.Nf6e4 Bd6f4
29.Rc1b1 Qc8g8
30.Bb3a4 Nd7e5
31.Qd3b3 Kc7
32.d6 { resign }
1-0

[Event "Tourn. n9354"]
[Site "www.chess-mail.com"]
[Date "2017.07.18"]
[Round "1"]
[White "Fbeley"]
[Black "Redapond1"]
[WhiteElo "2050"]
[BlackElo "1850"]
[Result "0-1"]
[Round "1"]
1.e4 e5
2.Ng1f3 Nb8c6
3.Bf1c4 Bf8e7
4.c3 Ng8f6
5.d3 O-O
6.b4 a6
7.a4 d5
8.exd5 Nf6xd5
9.Bc1b2 Bc8e6
10.O-O a5
11.b5 Nc6a7
12.Nf3xe5 f6
13.Ne5f3 c6
14.Rf1e1 Be6f7
15.Nb1d2 Nd5f4
16.Bc4xf7 Rf8xf7
17.Re1e3 Be7c5
18.d4 Bc5d6
19.Nd2c4 cxb5
20.Nc4xd6 Qd8xd6
21.Qd1b3 Qd6d5
22.Qb3xd5 Nf4xd5
23.Re3e2 b4
24.cxb4 Nd5xb4
25.Bb2c3 Na7c6
26.Re2d2 Nb4d5
27.Bc3b2 Rf7d7
28.Ra1d1 Kf7
29.Rd1e1 Nc6b4
30.Kf1 Ra8c8
31.Re1d1 Rc8c2
32.Rd2xc2 Nb4xc2
33.Rd1c1 { time. }
0-1

[Event "Tourn. n9446"]
[Site "www.chess-mail.com"]
[Date "2017.07.18"]
[Round "1"]
[White "Panamski"]
[Black "Pdebonis"]
[WhiteElo "2220"]
[BlackElo "2680"]
[Result "0-1"]
[Round "1"]
1.e4 c5
2.Ng1f3 Ng8f6
3.Nb1c3 d6
4.Bf1b5 Bc8d7
5.Qd1e2 e6
6.O-O Bf8e7
7.e5 dxe5
8.Nf3xe5 O-O
9.Ne5xd7 Nf6xd7
10.Bb5d3 Nb8c6
11.Qe2h5 Nd7f6
12.Qh5h3 Nc6b4
13.a3 Nb4xd3
14.cxd3 Qd8d7
15.Nc3e4 Rf8d8
{ resign }
0-1

[Event "Tourn. n9412"]
[Site "www.chess-mail.com"]
[Date "2017.07.18"]
[Round "1"]
[White "Krystek23"]
[Black "Rons"]
[WhiteElo "2380"]
[BlackElo "2570"]
[Result "0-1"]
[Round "1"]
1.c4 Ng8f6
2.Nb1c3 e5
3.e4 c6
4.d3 d5
5.cxd5 cxd5
6.Bc1g5 d4
7.Nc3d5 Bc8e6
8.Nd5xf6 gxf6
9.Bg5d2 Nb8c6
10.f4 exf4
11.Ng1f3 Bf8d6
12.Bf1e2 f5
13.O-O fxe4
14.dxe4 d3
15.Be2xd3 Bd6c5
16.Kh1 Qd8xd3
17.Bd2xf4 Qd3xd1
18.Ra1xd1 Be6c4
19.Rf1e1 Bc5f2
20.b3 Bc4a6
21.h3 Nc6b4
22.Bf4d6 Bf2xe1
23.Rd1xe1 Nb4d3
24.Re1b1 Rh8g8
25.Kh2 Ra8d8
26.Bd6g3 b6
27.Bg3h4 Rd8c8
28.Nf3d4 Ba6b7
29.Bh4f6 Rg8g6
30.e5 Rg6xg2
31.Kh1 Nd3f2

0-1

[Event "Tourn. n9410"]
[Site "www.chess-mail.com"]
[Date "2017.07.18"]
[Round "1"]
[White "Falcoale"]
[Black "Balbyns"]
[WhiteElo "2020"]
[BlackElo "2030"]
[Result "0-1"]
[Round "1"]
1.e4 c5
2.Ng1f3 Nb8c6
3.Nb1c3 d6
4.Nc3d5 e6
5.Nd5f4 Ng8f6
6.d3 d5
7.exd5 exd5
8.Bf1e2 Bf8d6
9.O-O Qd8c7
10.Nf4h3 Nf6g4
11.Rf1e1 O-O
12.g3 h6
13.Nf3d2 Ng4f6
14.Be2f1 Bc8d7
15.Bf1g2 Qc7c8
16.Nd2f1 Bd7xh3
17.Nf1e3 Bh3xg2
18.Kxg2 Rf8e8
19.Qd1f3 Nc6d4
20.Qf3d1 Nd4f5
21.Qd1f3 Nf5xe3
22.Bc1xe3 Re8e6
23.c3 Qc8d7
24.Ra1d1 Ra8e8
25.h3 d4
26.cxd4 cxd4
27.Be3d2 Re6xe1
28.Bd2xe1 Qd7c6
29.Qf3xc6 bxc6
30.Kf1 Re8e5
31.Be1a5 Re5xa5
{ resign }
0-1

[Event "Tourn. n9404"]
[Site "www.chess-mail.com"]
[Date "2017.07.18"]
[Round "1"]
[White "Malbertan"]
[Black "Andychesston"]
[WhiteElo "2070"]
[BlackElo "1990"]
[Result "1-0"]
[Round "1"]
1.e4 e5
2.Ng1f3 Nb8c6
3.Bf1c4 d6
4.d4 Bc8g4
5.Bc4xf7 Kd7
6.dxe5 Nc6xe5
7.Nf3xe5 Ke7
8.Qd1xg4 Qd8c8
9.Qg4xc8 Ra8xc8
10.Bf7xg8 Rh8xg8
11.Bc1g5 Ke6
12.Ne5f3 c5
13.Nb1c3 h6
14.Bg5e3 g5
15.O-O-O a6
16.Nf3d2 b5
17.Nc3d5 Bf8g7
18.f4 g4
19.f5 Kf7
20.Be3f4 Rc8c6
21.Nd5e3 h5
22.Nd2b3 Bg7e5
23.Bf4xe5 dxe5
24.Rd1d7 Ke8
25.Rd7h7 Rg8g5
26.Rh1d1 c4
27.Nb3a5 Rc6b6
28.Ne3d5 Rb6d6
29.Nd5c7 { resign }
1-0